| 000 | 00679nam a22002411 4500 | ||
|---|---|---|---|
| 001 | 4539946 | ||
| 003 | OSt | ||
| 005 | 20160419132900.0 | ||
| 008 | 700928s1968 nyua b 000 0 eng | ||
| 010 | _a 68020722 | ||
| 040 |
_aDLC _cDLC _dDLC |
||
| 050 | 0 | 0 |
_aQC311 _b.R4 1968 |
| 082 | 0 | 0 |
_a536 _bREY 1965 |
| 100 | 1 |
_aReynolds, William Craig, _d1933- _98067 |
|
| 245 | 0 | 0 |
_aThermodynamics _c[by] William C. Reynolds. |
| 250 | _a2d ed. | ||
| 260 |
_aNew York, _bMcGraw-Hill _c1965 |
||
| 300 |
_axiv, 496 p. _billus. _c23 cm. |
||
| 504 | _aIncludes bibliographies. | ||
| 650 | 0 |
_aThermodynamics. _98068 |
|
| 906 |
_a7 _bcbc _corignew _du _encip _f19 _gy-gencatlg |
||
| 942 |
_2ddc _cSLOAN |
||
| 999 |
_c3618 _d3618 |
||